| 000 | 01001nam a22002417a 4500 | ||
|---|---|---|---|
| 001 | sjds170099 | ||
| 003 | sjds | ||
| 005 | 20170625164833.0 | ||
| 008 | 170625b nyu||||| |||| 00| 0 spa d | ||
| 020 | _a9780439550390 (pbk.) | ||
| 020 | _a0439550394 (pbk.) | ||
| 040 | _csjds | ||
| 041 |
_aspa _geng |
||
| 100 | 1 | _aLondon, Jonathan. | |
| 240 | _aFroggy goes to the doctor | ||
| 245 |
_aFroggy va al medico / _cJonathan London ; ilustraciones de Frank Remkiewicz ; traduccion de Miriam Fabiancic. |
||
| 260 |
_aNueva York : _bScholastic, _c2003, c2002. |
||
| 300 |
_a1 volume (unpaged) : color illustrations ; 21 x 27 cm _bcolor illustrations ; 21 x 27 cm _c21 x 27 cm |
||
| 520 | _aEl froggy isn't que mira adelante a su chequeo porque el puede ser que consiga un tiro pero cuando it's excesivo y he's pronunciaron una rana muy sana, el Dr. Mugwort es el quien teme la visita siguiente de Froggy's. | ||
| 650 |
_aRanas _vFiccion juvenil |
||
| 650 |
_aDoctores _vFiccion juvenil |
||
| 942 | _cBK | ||
| 999 |
_c17725 _d17725 |
||